000 00885nam a22002057a 4500
003 NALT
005 20250616161400.0
008 s2547 th ||||| |||| 00| 0 tha d
020 _a9749167171
040 _aNALT
050 _aJQ 1746.Z13V34
_bว689ค 2547
100 0 _aวิรัช วิรัชนิภาวรรณ.
_912778
245 1 0 _aค่านิยมของข้าราชการไทยในยุคปฏิรูประบบราชการ /
_cวิรัช วิรัชนิภาวรรณ.
260 _aกรุงเทพฯ :
_bนิติธรรม,
_c2547.
300 _a155 หน้า :
_bภาพประกอบ, ตาราง ;
_c26 ซม.
650 4 _aข้าราชการ
_xค่านิยม
_963582
850 _aNALT
942 _cRSH
_2lcc
999 _c44540
_d44540
998 _j1020
_k นางจำเรียง ระวังสำโรง